Pinch radius ratio of the plasma focus /
Saved in:
| 主要作者: | |
|---|---|
| 格式: | Thesis 圖書 |
| 語言: | English |
| 出版: |
1986
|
| 主題: | |
| 標簽: |
添加標簽
沒有標簽, 成為第一個標記此記錄!
|
| LEADER | 00872cam a2200241 4500 | ||
|---|---|---|---|
| 001 | u52618 | ||
| 003 | SIRSI | ||
| 008 | 871222s1986 my t 0 eng m | ||
| 035 | |a AAF-6577 | ||
| 040 | |a UMM | ||
| 090 | 0 | 0 | |a QC718.5 |b D38Tou |
| 091 | 0 | 0 | |a Microfiche 10234 |
| 100 | 1 | 0 | |a Tou, Teck Yong |
| 245 | 1 | 0 | |a Pinch radius ratio of the plasma focus / |c byTou Teck Yong |
| 260 | |c 1986 | ||
| 300 | |a vi, 156 leaves : |b ill. ; |c 28cm | ||
| 500 | |a Also available on microfiche. Kuala Lumpur : Perpustakaan Universiti Malaya, 1995. 2 fiches : negative ; 11x15 cm. | ||
| 502 | |a Thesis (Ph.D.) - Jabatan Fizik, Fakulti Sains, Universiti Malaya, 1987. | ||
| 504 | 0 | 0 | |a Bibliography: leaves 152-156 |
| 650 | 0 | |a Dense plasma focus | |
| 948 | |a 16/03/1991 |b 12/04/1999 | ||
| 596 | |a 1 | ||
| 999 | |a QC718.5 D38TOU |w LC |c 1 |i A010373054 |d 24/3/2010 |e 15/1/2010 |l STACKS |m P01UTAMA |n 4 |r Y |s Y |t TESIS |u 10/1/1992 | ||
